| 000 | 00418cam a22001455a 4500 | ||
|---|---|---|---|
| 008 | 100405s2010 mau 000 0 eng | ||
| 020 | _a9781435483774 | ||
| 040 |
_aDLC _cDLC |
||
| 082 | _2005.8 | ||
| 245 | 0 | 0 |
_aNetwork safety _cEC-Council Press |
| 260 |
_aBoston, MA : _bCourse Technology Cengage Learning, _c2010. |
||
| 263 | _a1005 | ||
| 654 | _2Computer networks--Security measures--Examinations | ||
| 942 |
_2ddc _cBK |
||
| 999 |
_c11538 _d11538 |
||